01107 a2200157 45000010006000000050017000060080041000230030015000640400040000790800040001192450049001592640038002083000019002465050655002651000029009203013920260407155612.0260407a1976 arg spa dAR-UNSa-BCEJYS aAR-UNSa-BCEJYSbspacAR-UNSa-BCEJYS a657.474xTratamiento de los costos 10aCostos predeterminadospestimados y standard 1aBuenos Aires :bEl Coloquioc1976 a142 p.c22 cm. a1. Características básicas: Estimadas y standard, comparación con los costos históricos - 2. Ámbito de aplicación - 3. Bases que conforman el método - 4. Registración contable - 3. Costos estimados standards - 4. Características básicas - 5. Ámbito de aplicación del standard - 6. Pasos a considerar en la determinación de los standares físicos del informe u hoja de costos - 7. Forma de calcular los standares monetarios del informe u hoja de costos - 8. Tipos de costos standard según el periodo de su vigencia: Corrientes y básicos - 10. Variaciones o desvíos. Generalidades - 11. Mecánica del registro contable1 aGiménez, Carlos Manuel